000 00637nam a22001817a 4500
003 UA-OsUOA
001 16340
007 ta
008 20031230b un ||||| |||| 00| 0 ukr d
100 _aЛозян О.
942 _cSA
040 _aUA-OsUOA
_cUA-OsUOA
_dUA-OsUOA
245 _aЗвання і визнання
_b[Розмова з деп. обл. ради , начальникм Костопіл. райвідділу внутріш. справ О.Лозяном]/ Розмовляв О.Никончук
300 _aС.2
955 _a0
773 0 _w0
_t2003106/107/19 груд./
650 7 _aКраєзнавча робота
_2UDC
999 _c302505
_d302505